| 000 | 01078nam a2200277 i 4500 | ||
|---|---|---|---|
| 001 | 176982 | ||
| 003 | ES-MaACL | ||
| 005 | 20250622052653.0 | ||
| 008 | 110222s1982 sp |||| | spa d | ||
| 020 | _a84-85303-55-5 | ||
| 080 | _a321.15(460)"18" | ||
| 100 | 1 |
_aCosta, Joaquín, _d1846-1911 _941054 |
|
| 245 | 1 | 0 |
_aOligarquía y caciquismo como la forma actual de gobierno en España : _burgencia y modo de cambiarla / _cJoaquín Costa. |
| 260 |
_aZaragoza : _bGuara, _c1982. |
||
| 300 |
_a2 v. ; _c21 cm. |
||
| 490 | 1 |
_aObras de Joaquín Costa ; _v4-5 |
|
| 505 | 8 | _aContiene: I. Memoria y resumen de la información / introducción de Alberto Gil Novales - II. Informes o testimonios | |
| 610 | 2 | 4 |
_aAteneo de Madrid- _xInformación de 1901 sobre Oligarquía y caciquismo _91927 |
| 650 | 7 |
_aOligarquía _2embne _9236390 |
|
| 650 | 7 |
_aCaciquismo _2embne _9226982 |
|
| 700 | 0 |
_aGil Novales, Alberto, _d1930-2016 _956851 |
|
| 830 | 1 |
_aObras de Joaquín Costa _v4-5 _9190320 |
|
| 852 |
_aES-MaACL _jP-1276(4-5) |
||
| 942 | _2udc | ||
| 999 |
_c176982 _d176982 |
||